<The> Public School System of Arkansas

Salvato in:
Dettagli Bibliografici
Autore principale: Swift, Fletcher Harper
Natura: Libro
Lingua:inglese
Pubblicazione: Washington Government Printing Office 1923
Edizione:1. ed.
Soggetti:
Tags: Aggiungi Tag
Nessun Tag, puoi essere il primo ad aggiungerne!!

MARC

LEADER 00000nam a2200000 4500
001 c004105
005 20221207075000.6
041 0 |a eng 
044 |a US 
245 1 0 |a <The> Public School System of Arkansas  |c Fletcher Harper Swift 
250 |a 1. ed. 
264 1 |a Washington  |b Government Printing Office  |c 1923 
300 |a 110 s. 
610 2 0 |a školstvo 
610 2 0 |a financovanie 
610 2 0 |a Arkansas 
610 2 0 |a 1923 
100 1 |a Swift, Fletcher Harper